000 02095nam a22002777a 4500
003 CUTN
005 20230510120639.0
008 230510b |||||||| |||| 00| 0 eng d
020 _a9789387867642
041 _aEnglish
082 _223rd
_a581.92
_bARB
100 _aAgnes Arber
245 _aWater plants : A Study of Aquatic Angiosperms
260 _aChennai:
_bMaven Books,
_c© 2020.
300 _axvi, 436 p.:
_bill.;
_c23cm.
505 _a Preface; Part I. Water Plants as a Biological Group, with a Consideration of Certain Typical Life-histories: 1. Water plants as a biological group; 2. The life-history of the Alismaceae; 3. The life-history of the Nymphaeaceae and of Limnanthemum; 4. The life-history of Hydrocharis, Stratiotes, and other fresh-water
520 _aAgnes Arber (1879-1960) was a prominent British botanist specialising in plant morphology and comparative anatomy. In 1946, she became the first female botanist to be elected a Fellow of the Royal Society. First published in 1920, this volume provides a detailed anatomical study of aquatic flowering plants, with a discussion of their evolutionary history. Arber describes the general anatomical and reproductive organs, life histories and physiological adaptations of aquatic plants in detail, with interpretations informed from her previous experimental work. The final section of this volume discusses the evolutionary history of aquatic plants in the light of affinities to terrestrial flowering plants. Arber's account of aquatic plants was the first general description of these plants published, and provides a classic example of the comparative anatomy studies which were central to botanical investigation during the early twentieth century. An extensive bibliography and over 170 illustrations are included in this volume
650 _a Aquatic plants
650 _a Flore d'eau douce
650 _aMarine plants
650 _aFlore marine
650 _aFreshwater plants
650 _a Plantes aquatiques
690 _aDepartment of Horticulture
942 _2ddc
_cTB
999 _c38604
_d38604